00612nam a2200181Ia 4500952012900000999001700129003000400146005001700150008004100167040000900208082001500217100002300232245007200255260003500327300000900362650002300371942003600394 00102ddc40708HISTORYaMESbMEScHISd2019-02-20g10.00l0o900 ROB/Hp13051r2019-02-20 00:00:00w2019-02-20yBKzGL42R2 c19335d19335OSt20200701140834.0190216s9999||||xx |||||||||||||| ||und|| coclc a900bROB/H aRobbins, K G93408 4aHistory :bThe Journal Of The Historical Association /cK G Robbins bHistorical Association,c1993. a344p aJournal Of History cBK2ddch900iROB/Hk900mROB/H